000 01089nam a2200277 i 4500
001 75212
003 ES-MaACL
005 20250830062229.0
007 t|
008 040923s1952 sp ||||1| spa d
100 1 _aGraef, Richard.
_959496
245 1 0 _aConsuelo en el dolor /
_cRichard Gräf ; [traducción del original alemán por M.M. Muñoz y Jiménez-Millas].
260 _aMadrid :
_bAtenas,
_c[1952] (
_fAlonso)
300 _a271 p. ;
_c20 cm.
490 1 _aAscesis
510 _aCCPB,
_c001028041-3
650 7 _aTeología
_2embne
_917457
650 7 _aTeología pastoral
_2embne
_917472
700 1 _aMuñoz Jiménez-Millás, M. M.
_984439
830 0 _aAscesis
_9182283
852 _aES-MaACL
_jD-6584
_bR.32208
_bR.M. 5879
_cSVI
_gSello en tinta: "Donativo"
_978037
_fSello en tinta azul de la Biblioteca del Ateneo de Madrid
_zEn cubierta: "16.JUN.1952"
942 _2udc
_cMONOGRAFIA
999 _c75212
_d75212